[Event "ZN-2012-0-01883"]
[Site "LSS email"]
[Date "2012.03.14"]
[Round "?"]
[White "Hendershot, Paul"]
[Black "Wallerstorfer, Josef"]
[Result "0-1"]
[WhiteElo "550"]
[BlackElo "898"]
[PlyCount "96"]
[EventDate "2012.03.10"]
[EventType "match (corr)"]
[EventRounds "2"]
[EventCountry "GER"]
[SourceTitle "Telechess CBM 153"]
[Source "ChessBase"]
[SourceDate "2013.03.14"]
[SourceVersion "1"]
[SourceVersionDate "2013.03.14"]
[SourceQuality "1"]

1. e4 e5 2. Nf3 d6 3. Bd3 Nf6 4. Nc3 Be7 5. 0-0 0-0 6. Bc4 Bg4 7. Nb5 Nxe4 8. d3 Ng5 9. Bd5 c6 10. Be3 cxd5 11. Bxa7 Qa5 12. a4 d4 13. c4 dxc3 14. Bxb8 cxb2 15. Ra2 Raxb8 16. Rxb2 Bxf3 17. gxf3 Ra8 18. Ra2 Qb4 19. Nc7 Rac8 20. Nd5 Qh4 21. Nxe7+ Kh8 22. Nxc8 Nh3+ 23. Kh1 Rxc8 24. Qb3 Qe7 25. Rc2 Rxc2 26. Qxc2 g6 27. Kg2 Nf4+ 28. Kh1 Kg7 29. Qd2 Qg5 30. Rg1 Qf5 31. d4 e4 32. Rg4 Nh3 33. Kg2 Qxf3+ 34. Kf1 Qxg4 35. Ke1 Qg1+ 36. Ke2 Qxf2+ 37. Kd1 Qxd2+ 38. Kxd2 d5 39. a5 Ng1 40. Kc3 Nf3 41. Kb4 Nxd4 42. Kc5 e3 43. Kb6 e2 44. Kxb7 e1Q 45. a6 Qb4+ 46. Ka8 Nc6 47. a7 Qb6 48. h4 Qxa7# 0-1

[Event "ZN-2012-0-01883"]
[Site "LSS email"]
[Date "2012.03.14"]
[Round "?"]
[White "Wallerstorfer, Josef"]
[Black "Hendershot, Paul"]
[Result "1-0"]
[WhiteElo "898"]
[BlackElo "550"]
[PlyCount "75"]
[EventDate "2012.03.10"]
[EventType "match (corr)"]
[EventRounds "2"]
[EventCountry "GER"]
[SourceTitle "Telechess CBM 155"]
[Source "ChessBase"]
[SourceDate "2013.07.16"]
[SourceVersion "1"]
[SourceVersionDate "2013.07.16"]
[SourceQuality "1"]

1. e4 e5 2. Nf3 f6 3. Bc4 Nh6 4. 0-0 Nc6 5. c3 d6 6. h3 Na5 7. Qa4+ c6 8. Be2 Bd7 9. Qc2 Qc8 10. Kh2 Bxh3 11. gxh3 d5 12. exd5 cxd5 13. Bb5+ Kf7 14. d3 Bd6 15. Ng1 e4+ 16. Kh1 Ng4 17. dxe4 Nh2 18. Rd1 Nf3 19. Nxf3 Qxh3+ 20. Kg1 Qxf3 21. Rxd5 Qg4+ 22. Kf1 Rad8 23. Be3 Rhe8 24. Bxe8+ Kxe8 25. Bxa7 Nc6 26. Bb6 Rd7 27. Na3 Ne7 28. Rd4 Qh3+ 29. Ke2 Qg2 30. Rad1 Nc8 31. Nc4 Bg3 32. Rxd7 Qxf2+ 33. Bxf2 Nd6 34. R7xd6 Bxd6 35. Nxd6+ Ke7 36. Qb3 g5 37. Qf7+ Kd8 38. Bb6# 1-0